000 00329nam a2200133Ia 4500
008 240624s9999 xx 000 0 und d
041 _aeng
082 _a004.6 MAR
100 _aMARTIN JAMES
245 _aCOMPUTER NETWORK AND DISTRIBUTED PROCESS
260 _c2004
_aNew Delhi
_bPrentice-Hall
300 _axiv, : 562
365 _cRS
999 _c435
_d435